| 000 | 00493nam a2200157Ia 4500 | ||
|---|---|---|---|
| 005 | 20250424120327.0 | ||
| 008 | 250424s9999 xx 000 0 und d | ||
| 022 | _a08853908 | ||
| 050 | _aHF 371 .I5963/ | ||
| 245 | 4 | _aThe international trade journal | |
| 260 | _bRoutledge Taylor& Francis Group | ||
| 260 | _c2010 | ||
| 300 | _a355 p. : ill. ; 23 cm. | ||
| 650 | _aInternational trade--Periodicals. Commerce--Periodicals. International economic relations--Periodicals. | ||
| 942 | _cSR | ||
| 999 |
_c38681 _d38681 |
||